| 000 | 00608nam a2200181 a 4500 | ||
|---|---|---|---|
| 001 | 000006592 | ||
| 005 | 20200929153946.0 | ||
| 008 | 090901s2006 dr 001 0 spa d | ||
| 040 | _aDO-SdBNP | ||
| 100 | 1 |
_aMorillo, Pedro H. _918295 |
|
| 245 | 1 | 4 |
_aLas realciones domínico-norteamericanas desde Báez a Leonel. / _cPedro H. Morillo. |
| 260 |
_aSanto Domingo : _bArgos, _c2006. |
||
| 300 |
_a109 p. ; _c22 cm. |
||
| 500 | _aIncluye datos biográficos del autor en la solapa | ||
| 500 | _aIncluye notas bibliográficas al pie de las páginas | ||
| 504 | _aIncluye bibliografía (p. 93-95) | ||
| 049 | _aBNPD | ||
| 999 |
_c6383 _d6383 |
||